|
|
|
|
| LEADER |
00780nta a2200205 i 4500 |
| 001 |
dipl135451 |
| 005 |
20230807104354.0 |
| 008 |
230807s2022 hu om 0|| hun d |
| 040 |
|
|
|a SZTE Diploma Repozitórium
|b hun
|
| 041 |
|
|
|a hun
|
| 100 |
1 |
|
|a Sipos Nóra
|
| 245 |
1 |
0 |
|a Ehető filmbevonatok élelmiszeripari alkalmazásának háttere
|h [elektronikus dokumentum] /
|c Nóra Sipos
|
| 246 |
1 |
0 |
|a Background of using edible film coatings in the food industry
|h [elektronikus dokumentum]
|
| 260 |
|
|
|c 2022
|
| 650 |
|
4 |
|a Mérnöki tudományok
|
| 650 |
|
4 |
|a Engineering and technology
|
| 650 |
|
4 |
|a Other engineering and technologies
|
| 650 |
|
4 |
|a Food safety
|
| 700 |
1 |
|
|a Vidács Anita
|e ths
|
| 856 |
4 |
0 |
|u https://diploma.bibl.u-szeged.hu/id/eprint/135451/1/2022_sipos_nora.pdf
|z Dokumentum-elérés
|